000 00419nam a2200169Ia 4500
005 20250528015646.0
008 240331s9999 xx 000 0 und d
020 _a18002234
082 _bGUN
_a303
100 _aUyangoda,J
245 0 _aNiwton Gunasinghe lipi ekathuwa
260 _aColombo
_bSocial scientists Association
_c2006
300 _a59 p .,
650 _asocial theory
650 _apractices
942 _cL
999 _c5192
_d5192